Camilla metálica de rescate (Registro nro. 12162)
[ vista simple ]
| 000 -LÍDER | |
|---|---|
| fixed length control field | 00480nom a22001697a 4500 |
| 005 - FECHA DE ÚLTIMA TRANSACCION | |
| control field | 20220609173243.0 |
| 008 - ELEMENTOS DE DATOS - INFORMACIÓN GENERAL | |
| fixed length control field | 190723b xxu||||| |||| 00| 0 spa d |
| 041 ## - CÓDIGO DE LENGUAJE | |
| Código de idioma de texto / pista de sonido o título separado | ESP |
| 082 ## - NÚMERO DE ACTIVO | |
| N° Activo | Camilla metálica de rescate |
| 245 ## - TÍTULO | |
| Título | Camilla metálica de rescate |
| 300 ## - DESCRIPCIÓN FÍSICA | |
| Medidas | 208 cm |
| 300 ## - DESCRIPCIÓN FÍSICA | |
| Peso | 7 Kg |
| 500 ## - NOTA GENERAL | |
| Nota general | Capacidad 160 Kg.<br/><br/>Se prestan para el mismo día, hasta las 7:50 pm |
| 650 ## - ASIENTO SECUNDARIO DE MATERIA - TÉRMINO DE MATERIA | |
| Término temático | MODELOS ANATÓMICOS |
| 650 ## - ASIENTO SECUNDARIO DE MATERIA - TÉRMINO DE MATERIA | |
| Término temático | EQUIPO DE RESCATE |
| 942 ## - AÑADIDO ENTRADA ELEMENTOS ( Koha ) | |
| Koha tipo de ítem | Modelo Anatómico |
| Withdrawn status | Estado | Estado físico | Not for loan | Precio de compra | Total Checkouts | Clasificación | Número de inscripción | Date last seen | Date checked out | Price effective from | Tipo de ítem |
|---|---|---|---|---|---|---|---|---|---|---|---|
| 17646.00 | 1 | Camilla metálica de rescate | ACT-11341 | 27/10/2023 | 27/10/2023 | 23/07/2019 | Modelo Anatómico |